Financial accounting theory: issues and controversies. -- 3rd ed. (Record no. 63071)
[ view plain ]
| 000 -LEADER | |
|---|---|
| fixed length control field | 01675nam a2200265 a 4500 |
| 008 - FIXED-LENGTH DATA ELEMENTS--GENERAL INFORMATION | |
| fixed length control field | 120416s1987 ||||||||||||||||| || u |
| 020 ## - INTERNATIONAL STANDARD BOOK NUMBER | |
| International Standard Book Number | 0070727910 |
| 050 ## - LIBRARY OF CONGRESS CALL NUMBER | |
| Classification number | HF 5635 Fin |
| 100 ## - MAIN ENTRY--PERSONAL NAME | |
| Personal name | Zeff, Stephen A |
| 245 10 - TITLE STATEMENT | |
| Title | Financial accounting theory: issues and controversies. -- 3rd ed. |
| Statement of responsibility, etc. | edited by Stephen A. Zeff; Thomas F. Keller, |
| 250 ## - EDITION STATEMENT | |
| Edition statement | 3rd ed. |
| 260 ## - PUBLICATION, DISTRIBUTION, ETC. | |
| Place of publication, distribution, etc. | New York: |
| Name of publisher, distributor, etc. | McGraw-Hill |
| Date of publication, distribution, etc. | 1987 |
| 300 ## - PHYSICAL DESCRIPTION | |
| Extent | xi, 660p. : ill |
| 350 ## - | |
| -- | 0.00 |
| 650 ## - SUBJECT ADDED ENTRY--TOPICAL TERM | |
| Topical term or geographic name entry element | FINANCIAL ACCOUNTING |
| 650 #0 - SUBJECT ADDED ENTRY--TOPICAL TERM | |
| Topical term or geographic name entry element | ACCOUNTING--HANDBOOKS, MANUALS, ETC |
| 700 ## - ADDED ENTRY--PERSONAL NAME | |
| Personal name | Keller, Thomas F |
| 995 ## - | |
| -- | MAIN LIBRARY OPEN ACCESS |
| -- | 0.00 |
| -- | 722377 |
| -- | CBU-MAIN LIBRARY (Kitwe) |
| -- | 1 |
| -- | 0.00 |
| -- | HF 5635 Fin |
| -- | 1 |
| -- | AVAILABLE |
| -- | 005471 |
| -- | Main Library Open Access Collection |
| 995 ## - | |
| -- | TEXTBOOKS (SB) |
| -- | 0.00 |
| -- | 01554 |
| -- | CBU-SCHOOL TEXTBOOK COLLECTIONS |
| -- | 1 |
| -- | 0.00 |
| -- | SCHOOL TEXTBOOK |
| -- | 5 |
| -- | AVAILABLE |
| -- | Sep 22, 2009 |
| -- | 01554 |
| -- | School Collections |
| 995 ## - | |
| -- | TEXTBOOKS (SB) |
| -- | 0.00 |
| -- | 1364 |
| -- | CBU-SCHOOL TEXTBOOK COLLECTIONS |
| -- | 1 |
| -- | 0.00 |
| -- | SCHOOL TEXTBOOK |
| -- | 1 |
| -- | AVAILABLE |
| -- | Sep 15, 2009 |
| -- | 1364 |
| -- | School Collections |
| 995 ## - | |
| -- | TEXTBOOKS (SB) |
| -- | 0.00 |
| -- | 01552 |
| -- | CBU-SCHOOL TEXTBOOK COLLECTIONS |
| -- | 1 |
| -- | 0.00 |
| -- | SCHOOL TEXTBOOK |
| -- | 3 |
| -- | AVAILABLE |
| -- | Sep 22, 2009 |
| -- | 01552 |
| -- | School Collections |
| 995 ## - | |
| -- | TEXTBOOKS (SB) |
| -- | 0.00 |
| -- | 01553 |
| -- | CBU-SCHOOL TEXTBOOK COLLECTIONS |
| -- | 1 |
| -- | 0.00 |
| -- | SCHOOL TEXTBOOK |
| -- | 4 |
| -- | AVAILABLE |
| -- | Sep 22, 2009 |
| -- | 01553 |
| -- | School Collections |
| 995 ## - | |
| -- | TEXTBOOKS (SB) |
| -- | 0.00 |
| -- | 01555 |
| -- | CBU-SCHOOL TEXTBOOK COLLECTIONS |
| -- | 1 |
| -- | 0.00 |
| -- | SCHOOL TEXTBOOK |
| -- | 6 |
| -- | AVAILABLE |
| -- | Sep 22, 2009 |
| -- | 01555 |
| -- | School Collections |
| 995 ## - | |
| -- | TEXTBOOKS (SB) |
| -- | 0.00 |
| -- | 01556 |
| -- | CBU-SCHOOL TEXTBOOK COLLECTIONS |
| -- | 1 |
| -- | 0.00 |
| -- | SCHOOL TEXTBOOK |
| -- | 7 |
| -- | AVAILABLE |
| -- | Sep 22, 2009 |
| -- | 01556 |
| -- | School Collections |
| 999 ## - | |
| -- | 63071 |
| -- | 63071 |
| Withdrawn status | Lost status | Source of classification or shelving scheme | Damaged status | Not for loan | Permanent Location | Current Location | Shelving location | Date acquired | Total Checkouts | Full call number | Barcode | Date last seen | Price effective from | Koha item type |
|---|---|---|---|---|---|---|---|---|---|---|---|---|---|---|
| CBU-MAIN LIBRARY, KITWE. | CBU-MAIN LIBRARY, KITWE. | 12/24/2022 | HF 5635 Fin | 005471 | 12/24/2022 | 12/24/2022 | MONOGRAPH | |||||||
| CBU-SCHOOL TEXT BOOK COLLECTION | CBU-SCHOOL TEXT BOOK COLLECTION | 12/24/2022 | SCHOOL TEXTBOOK | 01554 | 12/24/2022 | 12/24/2022 | MONOGRAPH | |||||||
| CBU-SCHOOL TEXT BOOK COLLECTION | CBU-SCHOOL TEXT BOOK COLLECTION | 12/24/2022 | SCHOOL TEXTBOOK | 1364 | 12/24/2022 | 12/24/2022 | MONOGRAPH | |||||||
| CBU-SCHOOL TEXT BOOK COLLECTION | CBU-SCHOOL TEXT BOOK COLLECTION | 12/24/2022 | SCHOOL TEXTBOOK | 01552 | 12/24/2022 | 12/24/2022 | MONOGRAPH | |||||||
| CBU-SCHOOL TEXT BOOK COLLECTION | CBU-SCHOOL TEXT BOOK COLLECTION | 12/24/2022 | SCHOOL TEXTBOOK | 01553 | 12/24/2022 | 12/24/2022 | MONOGRAPH | |||||||
| CBU-SCHOOL TEXT BOOK COLLECTION | CBU-SCHOOL TEXT BOOK COLLECTION | 12/24/2022 | SCHOOL TEXTBOOK | 01555 | 12/24/2022 | 12/24/2022 | MONOGRAPH | |||||||
| CBU-SCHOOL TEXT BOOK COLLECTION | CBU-SCHOOL TEXT BOOK COLLECTION | 12/24/2022 | SCHOOL TEXTBOOK | 01556 | 12/24/2022 | 12/24/2022 | MONOGRAPH |